Statistics for Countries that Take the Most Cruises

Click here to take the quiz!

General Stats

  • This quiz has been taken 54 times
  • The average score is 9 of 10

Answer Stats

Passengers Country % Correct
11,500,000United States
100%
2,100,000China
91%
800,000Canada
91%
600,000France
91%
1,900,000United Kingdom
89%
1,300,000Australia
89%
800,000Italy
89%
500,000Spain
87%
2,000,000Germany
81%
500,000Brazil
55%

Score Distribution

Percentile by Number Answered

Percent of People with Each Score

Your Score History

You have not taken this quiz